000 00478nam a2200157Ia 4500
008 100204s9999 xx 000 0 und d
082 _b24561
100 _aपेन कॅरन
245 _aहितगुज
260 _b"मेहता पब्लिशिंग हाऊस , पुणे"
_c2000
300 _a270
630 _aहितगुज
700 _aदाभोळकर वृंदा
730 _aहितगुज
942 _cBOOK
999 _c469740
_d469737